000 01170nam2a2200301 4500
001 RU\NLR\bibl\440232
005 20250623174739.0
010 _a5-02-032685-2
021 _aRU
_b2003-45421
_92172
035 _a(NLR Aleph) 000433997
090 _a772197
_c772197
100 _a20030926d2003 |||y0rusy50 ca
101 0 _arus
102 _aRU
105 _aac |||||||||
200 1 _aОсновы сейсморазведки
210 _d2003
_aБ. м.
215 _a438, [1] с., [1] л. портр.
_cил.
320 _aБиблиогр. в конце частей
461 0 _1001RU\NLR\bibl\446614
_12001#$aИзбранные труды$vТ. 2
_9809797
_aГамбурцев, Г. А. (1903-1955)
_cМ.
_d2003
_fГ.А. Гамбурцев
_nНаука
_oВ 3 т.
_tИзбранные труды
_y5-02-032716-6
_vТ. 2
606 0 _aСейсмические разведки
_jСборники
_9940589
_3RU\NLR\auth\6629285
606 1 _aСейсморазведка
_jСборники
_92620758
_3RU\NLR\auth\661557318
686 _aД443.417я44
801 0 _aRU
_bNLR
_c20030926
_gPSBO
801 1 _aRU
_bNLR
_c20030926
942 _cBOOK
980 _aNB